| 000 | 00693cam a2200253 4500500 | ||
|---|---|---|---|
| 005 | 20260329002656.0 | ||
| 041 | _afre | ||
| 042 | _adc | ||
| 100 | 1 | 0 |
_aLacroix, Alexandre _eauthor |
| 245 | 0 | 0 | _aDépasser le manichéisme |
| 260 | _c2013. | ||
| 500 | _a98 | ||
| 690 | _aAlexandre Lacroix | ||
| 690 | _aGenet | ||
| 690 | _aHannah Arendt | ||
| 690 | _aHegel | ||
| 690 | _aMal | ||
| 690 | _aManichéisme | ||
| 690 | _aMétaphysique | ||
| 690 | _aNietzsche | ||
| 690 | _aScholem | ||
| 786 | 0 | _nPhilosophie magazine | 69 | 5 | 2013-05-01 | p. 22-23 | 1951-1787 | |
| 856 | 4 | 1 | _uhttps://shs.cairn.info/magazine-philosophie-magazine-2013-5-page-22?lang=fr&redirect-ssocas=7080 |
| 999 |
_c1817299 _d1817299 |
||